Visualizzazione normale
Vista MARC
- Bibbia
di Uniform Title
Records bibliografici associati: 4
001 - CONTROL NUMBER
- control field: 61838
003 - CONTROL NUMBER IDENTIFIER
- control field:
005 - DATE AND TIME OF LATEST TRANSACTION
- control field: 20250317111207.0
008 - FIXED-LENGTH DATA ELEMENTS
- fixed length control field: 250317|| aca||aabn | a|a d
040 ## - CATALOGING SOURCE
- Original cataloging agency:
- Transcribing agency:
130 ## - HEADING--UNIFORM TITLE
- Uniform title: Bibbia
- Form subdivision: N.T.
- General subdivision: Lettere di Paolo
670 ## - SOURCE DATA FOUND
- Source citation: Work cat.: ()360434: Pitta, Antonio, sacerdote, 1959-2024, autore 61837, Paolo e l'Evangelo della speranza /